| 000 | 00528nam a2200157 i 4500 | ||
|---|---|---|---|
| 001 | 83348 | ||
| 003 | ES-MaACL | ||
| 005 | 20230906174820.0 | ||
| 007 | t| | ||
| 008 | 041116s1977 sp ||||1| spa d | ||
| 245 | 0 | 0 |
_aSalarios _b: cuarto trimestre de 1976 y media mensual : empresas con diez o más empleados / _cInstituto Nacional de Estadística. |
| 260 |
_a[Madrid : _bs.n., _c1977] |
||
| 300 |
_aXI, 155 p. ; _c24 cm. |
||
| 710 | 2 |
_aInstituto Nacional de Estadística (España) _95162 |
|
| 852 |
_aES-MaACL _jA-7730 _bR.96664 |
||
| 999 |
_c83348 _d83348 |
||